Quan hệ Trung - Mỹ có gì mới?

שמור ב:
מידע ביבליוגרפי
מחבר ראשי: NGUYỄN VĂN LẬP
פורמט: ספר
שפה:Undetermined
יצא לאור: Hà Nội Thông Tấn 2002
נושאים:
תגים: הוספת תג
אין תגיות, היה/י הראשונ/ה לתייג את הרשומה!
Thư viện lưu trữ: Trung tâm Học liệu Trường Đại học Cần Thơ
LEADER 00514nam a2200169Ia 4500
001 CTU_47080
008 210402s9999 xx 000 0 und d
082 |a 327.0951073 
082 |b L123 
100 |a NGUYỄN VĂN LẬP 
245 0 |a Quan hệ Trung - Mỹ có gì mới? 
245 0 |c NGUYỄN VĂN LẬP 
260 |a Hà Nội 
260 |b Thông Tấn 
260 |c 2002 
650 |a china- foreign relations - united states 
980 |a Trung tâm Học liệu Trường Đại học Cần Thơ